Tun Abdul Razak Research Centre : a strategic centre of excellence of the Malaysian Rubber Industry.

Bibliographic Details
Format: Book
Published: Kuala Lumpur: Malaysian Rubber Board, 2007.
Subjects:
LEADER 00694cam a2200181 7i4500
001 0000020910
005 20080321090000.0
020 0 0 |a 978-983-2088-28-8  
090 0 0 |a M 607.2595   |b MAL 
245 0 0 |a Tun Abdul Razak Research Centre :   |b a strategic centre of excellence of the Malaysian Rubber Industry. 
260 0 0 |a Kuala Lumpur:   |b Malaysian Rubber Board,   |c 2007. 
300 # # |a 105 p. 
650 0 0 |a Tun Abdul Razak Research Centre  
650 0 0 |a Rubber --   |x Research --   |z Malaysia  
650 0 0 |a Rubber Industry and trade --   |x Research --   |z Malaysia  
651 0 0 |a Malaysia  
999 |a 0000021342  |b Book  |c Malaysia  |e Business Information Centre 
999 |a 0000021329  |b Book  |c Malaysia  |e Business Information Centre